000
00302nam a22001337a 4500
008
170203b xxu||||| |||| 00| 0 eng d
020
_a
9781416032014
041
_a
eng
080
_a
61
100
_a
3
101
_a
SHM
245
_a
THE ADMINISTRATIVE MEDICAL ASSISTANT
_c
YOUNG, A.P
942
_2
udc
_c
BK
999
_c
4487
_d
4487